Statistics for Words that End in "-upt"

Click here to take the quiz!

General Stats

  • This quiz has been taken 125 times
  • The average score is 3 of 6

Answer Stats

Answer% Correct
Corrupt
88%
Erupt
83%
Abrupt
81%
Interrupt
38%
Disrupt
30%
Bankrupt
22%

Score Distribution

Percentile by Number Answered

Percent of People with Each Score

Your Score History

You have not taken this quiz